[Event "Aeroflot Open 2011 B"]
[Site "Moscu RUS"]
[Date "2011.02.11"]
[Round "4.22"]
[White "Vishnu, Prasanna V"]
[Black "Smirnov, Pavel"]
[Result "0-1"]
[WhiteElo "2369"]
[BlackElo "2523"]
[PlyCount "46"]
[EventDate "2011.02.08"]
[EventType "swiss"]
[EventRounds "9"]
[EventCountry "RUS"]
[Source "lmi"]
[SourceDate "2011.02.08"]

1. e4 c5 2. Nf3 d6 3. d4 cxd4 4. Nxd4 Nf6 5. Nc3 a6 6. Bc4 e6 7. Bb3 Nbd7 8. f4
Nc5 9. O-O Nfxe4 10. Nxe4 Nxe4 11. f5 e5 12. Qh5 d5 13. Re1 Bc5 14. Rxe4 Qf6
15. Bxd5 O-O 16. Bg5 Bxd4+ 17. Rxd4 Qb6 18. Kh1 Qxd4 19. Rd1 Qf2 20. f6 Qf5 21.
Kg1 gxf6 22. Rd3 fxg5 23. Rg3 g4 0-1

[Event "Aeroflot Open 2011 B"]
[Site "Moscu RUS"]
[Date "2011.02.11"]
[Round "4.23"]
[White "Durarbeyli, Vasif"]
[Black "Kremenietsky, Anatoly M"]
[Result "1-0"]
[WhiteElo "2504"]
[BlackElo "2372"]
[PlyCount "47"]
[EventDate "2011.02.08"]
[EventType "swiss"]
[EventRounds "9"]
[EventCountry "RUS"]
[Source "lmi"]
[SourceDate "2011.02.08"]

1. e4 e5 2. Nf3 Nc6 3. Bb5 a6 4. Ba4 Nf6 5. O-O b5 6. Bb3 Be7 7. Qe2 O-O 8. c3
d6 9. Rd1 Bg4 10. h3 Bh5 11. d3 Na5 12. Bc2 c5 13. Nbd2 Nc6 14. Nf1 d5 15. Ng3
Bg6 16. Nh4 d4 17. Nhf5 dxc3 18. bxc3 Nd7 19. Bb3 Rc8 20. Be3 Re8 21. Qf3 Na5
22. h4 Nxb3 23. axb3 Nb8 24. Nxe7+ 1-0

[Event "Aeroflot Open 2011 B"]
[Site "Moscu RUS"]
[Date "2011.02.11"]
[Round "4.24"]
[White "Ovetchkin, Roman"]
[Black "Yuferev, Oleg"]
[Result "1/2-1/2"]
[WhiteElo "2498"]
[BlackElo "2367"]
[PlyCount "31"]
[EventDate "2011.02.08"]
[EventType "swiss"]
[EventRounds "9"]
[EventCountry "RUS"]
[Source "lmi"]
[SourceDate "2011.02.08"]

1. d4 e6 2. e4 d5 3. Nd2 Nf6 4. e5 Nfd7 5. Bd3 c5 6. c3 Nc6 7. Ngf3 Qb6 8. O-O
cxd4 9. cxd4 Nxd4 10. Nxd4 Qxd4 11. Nf3 Qb6 12. Qa4 Qb4 13. Qc2 Qc5 14. Qa4 Qb4
15. Qc2 Qc5 16. Qa4 1/2-1/2

[Event "Aeroflot Open 2011 B"]
[Site "Moscu RUS"]
[Date "2011.02.11"]
[Round "4.25"]
[White "Xu, Jun"]
[Black "Arslanov, Shamil"]
[Result "1/2-1/2"]
[WhiteElo "2494"]
[BlackElo "2368"]
[PlyCount "34"]
[EventDate "2011.02.08"]
[EventType "swiss"]
[EventRounds "9"]
[EventCountry "RUS"]
[Source "lmi"]
[SourceDate "2011.02.08"]

1. c4 c6 2. d4 d5 3. Nf3 Nf6 4. Qc2 dxc4 5. Qxc4 Bg4 6. Nbd2 Nbd7 7. g3 e6 8.
Bg2 Be7 9. O-O O-O 10. Qb3 Qb6 11. Nc4 Qa6 12. Re1 Rfd8 13. e4 Bxf3 14. Bxf3
Nb6 15. Nxb6 Qxb6 16. Be3 Qxb3 17. axb3 a6 1/2-1/2

[Event "Aeroflot Open 2011 B"]
[Site "Moscu RUS"]
[Date "2011.02.11"]
[Round "4.26"]
[White "Zolotukhin, Valery"]
[Black "Petrosian, Davit G"]
[Result "0-1"]
[WhiteElo "2348"]
[BlackElo "2485"]
[PlyCount "76"]
[EventDate "2011.02.08"]
[EventType "swiss"]
[EventRounds "9"]
[EventCountry "RUS"]
[Source "lmi"]
[SourceDate "2011.02.08"]

1. d4 Nf6 2. c4 g6 3. Nc3 Bg7 4. e4 d6 5. Be2 O-O 6. Nf3 e5 7. O-O Nc6 8. d5
Ne7 9. Ne1 Nd7 10. Be3 f5 11. f3 f4 12. Bf2 g5 13. Rc1 Ng6 14. Nb5 b6 15. b4 a6
16. Nc3 h5 17. c5 Rf7 18. cxd6 cxd6 19. Qb3 Rb8 20. Qa3 Nf6 21. Bxa6 Ra7 22. b5
g4 23. Kh1 g3 24. Bg1 gxh2 25. Bf2 h4 26. Qb3 Nh5 27. Bxc8 Rxc8 28. Nd3 Ng3+
29. Bxg3 fxg3 30. Ne2 Bh6 31. Rc6 Rca8 32. Qb4 Rxa2 33. Rxd6 Qg5 34. f4 exf4
35. e5 Rxe2 36. Qc4 f3 37. Ne1 h3 38. Qxe2 fxe2 0-1

[Event "Aeroflot Open 2011 B"]
[Site "Moscu RUS"]
[Date "2011.02.11"]
[Round "4.27"]
[White "Denisov, Lev"]
[Black "Bogdanovich, Stanislav"]
[Result "0-1"]
[WhiteElo "2337"]
[BlackElo "2484"]
[PlyCount "170"]
[EventDate "2011.02.08"]
[EventType "swiss"]
[EventRounds "9"]
[EventCountry "RUS"]
[Source "lmi"]
[SourceDate "2011.02.08"]

1. e4 c5 2. Nf3 Nc6 3. d4 cxd4 4. Nxd4 g6 5. Nc3 Bg7 6. Be3 Nf6 7. Bc4 Qa5 8.
O-O O-O 9. Bb3 d6 10. h3 Bd7 11. Re1 Rfc8 12. Nf3 Qh5 13. Bf4 Rd8 14. e5 dxe5
15. Nxe5 Qxd1 16. Raxd1 Nxe5 17. Bxe5 Bc6 18. a4 e6 19. Nb5 Rxd1 20. Rxd1 Ne4
21. Bxg7 Kxg7 22. Nd4 Be8 23. Nb5 Bc6 24. Nd4 Rc8 25. c3 Be8 26. Bc2 Nc5 27.
Nb5 Bxb5 28. axb5 Rc7 29. f4 Kf6 30. Kf2 Ke7 31. Ke3 b6 32. c4 Nb7 33. b3 Nd6
34. Bd3 f6 35. Rd2 e5 36. fxe5 fxe5 37. Rf2 Ke6 38. g4 Rf7 39. Rxf7 Nxf7 40. b4
Kd6 41. h4 Nd8 42. Be4 Ne6 43. g5 Nd4 44. Bd3 Ne6 45. Kf3 Nf4 46. Be4 Ne6 47.
Kg3 Nf4 48. Kg4 Kd7 49. c5 Kc7 50. c6 Kd6 51. Kf3 Ne6 52. Kg3 Nf4 53. Kg4 Ke7
54. Bc2 Ng2 55. Bb3 Ne3+ 56. Kf3 Nf5 57. Ke4 Kd6 58. Bg8 h5 59. Bf7 Nxh4 60.
Be8 Kc7 61. Kxe5 Nf3+ 62. Kf6 Nd4 63. Bxg6 h4 64. Bd3 h3 65. g6 Nxb5 66. g7 h2
67. g8=Q h1=Q 68. Qf7+ Kxc6 69. Qe8+ Kc7 70. Qe7+ Kb8 71. Qe8+ Kc7 72. Qe7+ Kb8
73. Qd8+ Kb7 74. Qe7+ Ka6 75. Qd7 Qh4+ 76. Kf7 Qxb4 77. Qd5 Ka5 78. Qa2+ Na3
79. Qd5+ Qc5 80. Qd7 b5 81. Qe6 Nc4 82. Qe1+ Kb6 83. Qe6+ Nd6+ 84. Ke7 Qc7+ 85.
Kf6 Qc3+ 0-1

[Event "Aeroflot Open 2011 B"]
[Site "Moscu RUS"]
[Date "2011.02.11"]
[Round "4.28"]
[White "Wan, Yunguo"]
[Black "Matinian, Nikita"]
[Result "0-1"]
[WhiteElo "2469"]
[BlackElo "2339"]
[PlyCount "120"]
[EventDate "2011.02.08"]
[EventType "swiss"]
[EventRounds "9"]
[EventCountry "RUS"]
[Source "lmi"]
[SourceDate "2011.02.08"]

1. e4 e5 2. Nf3 Nc6 3. Bb5 a6 4. Ba4 Nf6 5. O-O Be7 6. Re1 b5 7. Bb3 d6 8. c3
O-O 9. h3 Nb8 10. d4 Nbd7 11. Nbd2 Bb7 12. a4 h6 13. Qe2 c6 14. Nh4 Re8 15. Nf5
Bf8 16. Qf3 g6 17. Nh4 d5 18. Nf1 c5 19. exd5 c4 20. Bc2 exd4 21. Rxe8 Nxe8 22.
Nxg6 fxg6 23. cxd4 Bg7 24. Bxg6 Qf6 25. Qg4 Nf8 26. Bxe8 Rxe8 27. axb5 axb5 28.
Be3 Bxd5 29. Ng3 Qg6 30. Qxg6 Nxg6 31. Ra5 Bc6 32. Ra7 Nh4 33. Nh5 Bh8 34. Ra6
Bxg2 35. Rxh6 Be4 36. Kh2 b4 37. Rb6 b3 38. Rb4 Bd3 39. Nf4 Nf5 40. Nxd3 cxd3
41. Rxb3 Rxe3 42. fxe3 d2 43. Rd3 Nxe3 44. Kg3 d1=Q 45. Rxd1 Nxd1 46. Kf4 Nxb2
47. Ke4 Nd1 48. h4 Nc3+ 49. Kd3 Nb5 50. d5 Nd6 51. h5 Kh7 52. h6 Kxh6 53. Ke3
Kg5 54. Kf3 Kf5 55. Ke3 Ke5 56. Kf3 Kxd5 57. Kf4 Be5+ 58. Ke3 Kc4 59. Kf3 Kd3
60. Kf2 Ne4+ 0-1

[Event "Aeroflot Open 2011 B"]
[Site "Moscu RUS"]
[Date "2011.02.11"]
[Round "4.29"]
[White "Stukopin, Andrey"]
[Black "Poghosyan, Suren"]
[Result "1/2-1/2"]
[WhiteElo "2462"]
[BlackElo "2317"]
[PlyCount "45"]
[EventDate "2011.02.08"]
[EventType "swiss"]
[EventRounds "9"]
[EventCountry "RUS"]
[Source "lmi"]
[SourceDate "2011.02.08"]

1. e4 e6 2. d4 d5 3. Nc3 Bb4 4. e5 Ne7 5. a3 Bxc3+ 6. bxc3 c5 7. h4 Qa5 8. Bd2
Qa4 9. h5 h6 10. Qb1 c4 11. Nf3 Nbc6 12. g3 Bd7 13. Bh3 O-O-O 14. O-O Kb8 15.
Nh4 f6 16. exf6 gxf6 17. Re1 e5 18. Bxd7 Rxd7 19. Nf3 e4 20. Nh4 Nd8 21. Qd1 f5
22. Bf4+ Ka8 23. Be5 1/2-1/2

[Event "Aeroflot Open 2011 B"]
[Site "Moscu RUS"]
[Date "2011.02.11"]
[Round "4.30"]
[White "Malek, Daniel"]
[Black "Sharafiev, Azat"]
[Result "0-1"]
[WhiteElo "2340"]
[BlackElo "2462"]
[PlyCount "62"]
[EventDate "2011.02.08"]
[EventType "swiss"]
[EventRounds "9"]
[EventCountry "RUS"]
[Source "lmi"]
[SourceDate "2011.02.08"]

1. d4 g6 2. c4 Bg7 3. e4 c5 4. d5 a6 5. a4 d6 6. Nc3 e5 7. h4 h5 8. g3 Bh6 9.
Bh3 Nd7 10. Nf3 Nf8 11. Bxc8 Rxc8 12. Kf1 Kd7 13. Kg2 Kc7 14. Qd3 Kb8 15. a5 f6
16. b3 Bxc1 17. Rhxc1 g5 18. hxg5 fxg5 19. Qd2 g4 20. Nh4 Qf6 21. Rh1 Ne7 22.
Qe2 Nfg6 23. Nxg6 Nxg6 24. Nd1 Rcf8 25. Kf1 Qg5 26. Ne3 h4 27. Kg2 Nf4+ 28.
gxf4 exf4 29. Qxg4 Qd8 30. Qf3 fxe3 31. Qxe3 h3+ 0-1

[Event "Aeroflot Open 2011 B"]
[Site "Moscu RUS"]
[Date "2011.02.11"]
[Round "4.31"]
[White "Barbosa, Oliver"]
[Black "Kurukin, Dmitry"]
[Result "0-1"]
[WhiteElo "2293"]
[BlackElo "2313"]
[PlyCount "94"]
[EventDate "2011.02.08"]
[EventType "swiss"]
[EventRounds "9"]
[EventCountry "RUS"]
[Source "lmi"]
[SourceDate "2011.02.08"]

1. d4 Nf6 2. c4 e6 3. Nc3 Bb4 4. e3 O-O 5. Nge2 Re8 6. a3 Bf8 7. d5 exd5 8.
cxd5 d6 9. g3 a5 10. Bg2 g6 11. O-O Bg7 12. h3 Nbd7 13. Rb1 Nc5 14. b4 axb4 15.
axb4 Nce4 16. Nxe4 Nxe4 17. Qc2 Ng5 18. g4 f5 19. h4 Nf7 20. g5 Ne5 21. Nd4 Ng4
22. Ne6 Bxe6 23. dxe6 c6 24. b5 d5 25. f3 Ne5 26. bxc6 bxc6 27. Rb7 Nc4 28. e4
Qc8 29. Rd7 Bd4+ 30. Kh1 Rxe6 31. exd5 Qxd7 32. dxe6 Qxe6 33. Rd1 c5 34. Qb3
Re8 35. f4 Kh8 36. Kh2 Qe2 37. Qa4 Re7 38. Rf1 Qg4 39. Rf3 Nd6 40. Qa6 Qxh4+
41. Rh3 Qe1 42. Rb3 Bg1+ 43. Kh3 Qxc1 44. Bf3 Qxf4 45. Rb8+ Kg7 46. Qa1+ Bd4
47. Qa8 Ne8 0-1

[Event "Aeroflot Open 2011 B"]
[Site "Moscu RUS"]
[Date "2011.02.11"]
[Round "4.32"]
[White "Oparin, Grigoriy"]
[Black "Bitoon, Richard"]
[Result "1/2-1/2"]
[WhiteElo "2328"]
[BlackElo "2461"]
[PlyCount "67"]
[EventDate "2011.02.08"]
[EventType "swiss"]
[EventRounds "9"]
[EventCountry "RUS"]
[Source "lmi"]
[SourceDate "2011.02.08"]

1. e4 c5 2. Nf3 e6 3. d4 cxd4 4. Nxd4 Nf6 5. Nc3 d6 6. Be2 a6 7. a4 Be7 8. O-O
O-O 9. Be3 Nc6 10. f4 Qc7 11. Kh1 Na5 12. Qd3 Bd7 13. Rad1 Rac8 14. Bf3 Nc4 15.
Bc1 e5 16. Nf5 Bxf5 17. exf5 exf4 18. Qd4 Ne3 19. Bxe3 fxe3 20. Qxe3 Rfe8 21.
Rfe1 h6 22. g3 Bf8 23. Qd4 Re5 24. Rxe5 dxe5 25. Qd3 Qb6 26. b3 Qf2 27. Ne4
Qxc2 28. Qxc2 Rxc2 29. Nxf6+ gxf6 30. Bxb7 a5 31. Rd7 Bb4 32. Bd5 Rd2 33. Bxf7+
Kf8 34. Rxd2 1/2-1/2

[Event "Aeroflot Open 2011 B"]
[Site "Moscu RUS"]
[Date "2011.02.11"]
[Round "4.33"]
[White "Delemarre, Jop"]
[Black "Wang, Jue"]
[Result "1/2-1/2"]
[WhiteElo "2455"]
[BlackElo "2252"]
[PlyCount "27"]
[EventDate "2011.02.08"]
[EventType "swiss"]
[EventRounds "9"]
[EventCountry "RUS"]
[Source "lmi"]
[SourceDate "2011.02.08"]

1. d4 Nf6 2. c4 g6 3. Nc3 d5 4. Nf3 Bg7 5. Bg5 Ne4 6. cxd5 Nxg5 7. Nxg5 e6 8.
Qd2 h6 9. Nh3 exd5 10. Nf4 O-O 11. e3 Re8 12. Na4 c6 13. Be2 Nd7 14. O-O
1/2-1/2

[Event "Aeroflot Open 2011 B"]
[Site "Moscu RUS"]
[Date "2011.02.11"]
[Round "4.34"]
[White "Lushenkov, Mikhail"]
[Black "Korchmar, Vasiliy"]
[Result "1/2-1/2"]
[WhiteElo "2451"]
[BlackElo "2216"]
[PlyCount "57"]
[EventDate "2011.02.08"]
[EventType "swiss"]
[EventRounds "9"]
[EventCountry "RUS"]
[Source "lmi"]
[SourceDate "2011.02.08"]

1. Nf3 Nf6 2. g3 g6 3. b3 Bg7 4. Bb2 O-O 5. Bg2 d5 6. c4 c5 7. cxd5 Qxd5 8. O-O
Qh5 9. d4 cxd4 10. Qxd4 Bh3 11. Nbd2 Bxg2 12. Kxg2 Ne8 13. Qb4 Bxb2 14. Rab1
Nd6 15. Rxb2 Nc6 16. Qf4 Rac8 17. Rc1 Qf5 18. Qh6 Ne5 19. Rbb1 Nxf3 20. Nxf3
Qe4 21. Kf1 f6 22. Qd2 Kg7 23. h4 Nf5 24. Rxc8 Rxc8 25. Rd1 Rc2 26. Qd3 Qxd3
27. Rxd3 Rxa2 28. Rd7 Kf7 29. Rxb7 1/2-1/2

[Event "Aeroflot Open 2011 B"]
[Site "Moscu RUS"]
[Date "2011.02.11"]
[Round "4.35"]
[White "Mammadova, Gulnar Marfat"]
[Black "Shukh, Nikolai"]
[Result "0-1"]
[WhiteElo "2284"]
[BlackElo "2442"]
[PlyCount "70"]
[EventDate "2011.02.08"]
[EventType "swiss"]
[EventRounds "9"]
[EventCountry "RUS"]
[Source "lmi"]
[SourceDate "2011.02.08"]

1. e4 e5 2. Nf3 Nc6 3. Bc4 Nf6 4. d3 Bc5 5. c3 a6 6. Bb3 Ba7 7. O-O h6 8. d4
Qe7 9. Bc2 d6 10. d5 Nb8 11. Be3 Bxe3 12. fxe3 Nbd7 13. Nbd2 Nf8 14. b4 Ng6 15.
Qe1 O-O 16. a4 Bd7 17. c4 c6 18. Bd3 Rfc8 19. Qe2 Be8 20. Rfb1 cxd5 21. cxd5
Rc3 22. a5 Rac8 23. b5 Bxb5 24. Bxb5 axb5 25. Qxb5 Rxe3 26. Rb4 Rc7 27. Qb6
Rec3 28. Rab1 Nf4 29. a6 bxa6 30. Qxa6 Rc1+ 31. Kf2 Ng4+ 32. Kg3 Qf6 33. Rxc1
Rxc1 34. Rb6 Qg6 35. Rxd6 Nf6+ 0-1

[Event "Aeroflot Open 2011 B"]
[Site "Moscu RUS"]
[Date "2011.02.11"]
[Round "4.36"]
[White "Guo, Qi"]
[Black "Lou, Yiping"]
[Result "0-1"]
[WhiteElo "2310"]
[BlackElo "2494"]
[PlyCount "90"]
[EventDate "2011.02.08"]
[EventType "swiss"]
[EventRounds "9"]
[EventCountry "RUS"]
[Source "lmi"]
[SourceDate "2011.02.08"]

1. d4 Nf6 2. c4 g6 3. Nc3 d5 4. cxd5 Nxd5 5. e4 Nxc3 6. bxc3 Bg7 7. Be3 b6 8.
Bb5+ Bd7 9. Be2 O-O 10. Qd2 c5 11. Rc1 Nc6 12. d5 Na5 13. h4 h5 14. Nf3 e5 15.
O-O Nb7 16. Bh6 f6 17. Bxg7 Kxg7 18. Rfe1 Nd6 19. Bf1 c4 20. g3 Qc7 21. Qe3
Rac8 22. Nd2 Qc5 23. Qxc5 Rxc5 24. Rb1 g5 25. f4 gxf4 26. gxf4 exf4 27. Kf2 Bg4
28. Be2 Kh6 29. Rb4 Re8 30. Bf3 Nf7 31. Be2 b5 32. a4 a6 33. axb5 axb5 34. Reb1
f5 35. Bf3 Ne5 36. Be2 Ng6 37. Bxg4 fxg4 38. Ra1 Nxh4 39. Ra6+ Kg5 40. e5 g3+
41. Kf1 Rxd5 42. Ne4+ Kf5 43. Rh6 Rdxe5 44. Nxg3+ fxg3 45. Rxh5+ Kg4 0-1

[Event "Aeroflot Open 2011 B"]
[Site "Moscu RUS"]
[Date "2011.02.11"]
[Round "4.37"]
[White "Gabrielian, Artur"]
[Black "Alavkin, Arseny"]
[Result "1-0"]
[WhiteElo "2543"]
[BlackElo "2393"]
[PlyCount "75"]
[EventDate "2011.02.08"]
[EventType "swiss"]
[EventRounds "9"]
[EventCountry "RUS"]
[Source "lmi"]
[SourceDate "2011.02.08"]

1. e4 c5 2. Nf3 e6 3. d4 cxd4 4. Nxd4 Nc6 5. Nc3 Qc7 6. Be3 a6 7. Qd2 Nf6 8.
O-O-O Bb4 9. f3 Ne5 10. Nb3 b5 11. Qe1 Be7 12. f4 Nc4 13. e5 Ng4 14. Bd4 f5 15.
h3 Nh6 16. Qf2 O-O 17. Bxc4 bxc4 18. Bb6 Qb8 19. Na5 d5 20. exd6 Bxd6 21. g3
Nf7 22. Nxc4 Bb7 23. Rhe1 Bb4 24. Ba5 Rc8 25. Bxb4 Rxc4 26. Ba3 Qc8 27. Qe3 Be4
28. Rd4 Rxd4 29. Qxd4 Bg2 30. b3 Qd8 31. Qc4 e5 32. Qe2 Qa5 33. Bb2 Bxh3 34.
fxe5 Re8 35. e6 Ng5 36. Qh5 Qd8 37. e7 Rxe7 38. Rd1 1-0

[Event "Aeroflot Open 2011 B"]
[Site "Moscu RUS"]
[Date "2011.02.11"]
[Round "4.38"]
[White "Kovanova, Baira"]
[Black "Pridorozhni, Aleksei"]
[Result "0-1"]
[WhiteElo "2391"]
[BlackElo "2543"]
[PlyCount "94"]
[EventDate "2011.02.08"]
[EventType "swiss"]
[EventRounds "9"]
[EventCountry "RUS"]
[Source "lmi"]
[SourceDate "2011.02.08"]

1. e4 a6 2. d4 b5 3. g3 Bb7 4. Bg2 Nf6 5. Qd3 e6 6. Ne2 c5 7. O-O d5 8. e5 Nfd7
9. c3 g6 10. Be3 Nc6 11. f4 c4 12. Qc2 h5 13. Nd2 a5 14. Nf3 Nb6 15. h3 Qd7 16.
a3 O-O-O 17. Nd2 Be7 18. b3 cxb3 19. Qxb3 Ba6 20. a4 b4 21. Rfe1 Nc4 22. Nxc4
Bxc4 23. Qb2 Qa7 24. cxb4 Nxb4 25. Red1 Kd7 26. Nc1 Rc8 27. Nb3 Nd3 28. Qe2 Qa6
29. Rab1 Rc7 30. Bf1 Nb4 31. Qg2 Rhc8 32. Bxc4 Rxc4 33. Nc5+ Bxc5 34. dxc5 Qc6
35. g4 hxg4 36. Qxg4 Qxa4 37. Qg5 Qc2 38. Ra1 Qe4 39. Re1 Nc2 40. c6+ Kxc6 41.
Qe7 Nxe3 42. Qd6+ Kb7 43. Qd7+ Ka6 44. Rxa5+ Kxa5 45. Ra1+ Kb4 46. Qa4+ Kc3 47.
Qa5+ Kd3 0-1

[Event "Aeroflot Open 2011 B"]
[Site "Moscu RUS"]
[Date "2011.02.11"]
[Round "4.39"]
[White "Korobkov, Piotr"]
[Black "Tologontegin, Semetey"]
[Result "1-0"]
[WhiteElo "2492"]
[BlackElo "2331"]
[PlyCount "75"]
[EventDate "2011.02.08"]
[EventType "swiss"]
[EventRounds "9"]
[EventCountry "RUS"]
[Source "lmi"]
[SourceDate "2011.02.08"]

1. f4 d5 2. Nf3 Nf6 3. g3 c5 4. Bg2 e6 5. d3 b6 6. O-O Bb7 7. Qe1 Be7 8. e4
dxe4 9. Ng5 Nbd7 10. Nc3 O-O 11. dxe4 e5 12. Qe2 Qc8 13. Rd1 c4 14. Kh1 Re8 15.
f5 h6 16. Nh3 a6 17. g4 b5 18. a3 Bc5 19. g5 hxg5 20. Bxg5 Bd4 21. Bf3 Bc6 22.
Qg2 Kf8 23. Rab1 Nc5 24. Nf2 Bxf2 25. Bxf6 gxf6 26. Qxf2 Bb7 27. Rd6 Ke7 28.
Rxf6 Rh8 29. Rb6 Nd7 30. f6+ Ke8 31. Rd6 Qc7 32. Rbd1 Nc5 33. Qg3 Nd3 34. Rd5
Nf4 35. Qg7 Rf8 36. Rd6 Nd3 37. Re6+ Kd8 38. Re7 1-0

[Event "Aeroflot Open 2011 B"]
[Site "Moscu RUS"]
[Date "2011.02.11"]
[Round "4.40"]
[White "Artemiev, Vladislav"]
[Black "Tunik, Gennady"]
[Result "1/2-1/2"]
[WhiteElo "2384"]
[BlackElo "2450"]
[PlyCount "97"]
[EventDate "2011.02.08"]
[EventType "swiss"]
[EventRounds "9"]
[EventCountry "RUS"]
[Source "lmi"]
[SourceDate "2011.02.08"]

1. c4 Nf6 2. Nc3 e5 3. e3 Bb4 4. Nge2 O-O 5. a3 Be7 6. Qc2 c6 7. d4 d6 8. Ng3
Re8 9. Be2 a6 10. O-O b5 11. dxe5 dxe5 12. Rd1 Qc7 13. Nce4 Nxe4 14. Qxe4 Ra7
15. b4 g6 16. Bb2 Bf6 17. Rac1 Qe7 18. Qb1 Bg7 19. Qa2 Be6 20. Qa1 Nd7 21. Ne4
Rb8 22. Nd6 bxc4 23. Bxc4 Bxc4 24. Rxc4 Rc7 25. Qc1 Nf6 26. Rxc6 Rxc6 27. Qxc6
Rd8 28. Rd2 Qe6 29. f4 exf4 30. e4 Ng4 31. Bxg7 Qb3 32. Kf1 Kxg7 33. Qb6 Rf8
34. Qd4+ f6 35. h3 Qb1+ 36. Ke2 Ne3 37. Kf3 g5 38. e5 Qb3 39. exf6+ Kh6 40. Kf2
Qb1 41. Qd3 Qxd3 42. Rxd3 Rxf6 43. a4 Rf8 44. b5 axb5 45. axb5 Ra8 46. Rd2 Ra1
47. Kf3 Rb1 48. h4 Rb3 49. Ke4 1/2-1/2

[Event "Aeroflot Open 2011 B"]
[Site "Moscu RUS"]
[Date "2011.02.11"]
[Round "4.41"]
[White "Badmatsyrenov, Oleg"]
[Black "Ivakhinova, Inna"]
[Result "1-0"]
[WhiteElo "2449"]
[BlackElo "2324"]
[PlyCount "105"]
[EventDate "2011.02.08"]
[EventType "swiss"]
[EventRounds "9"]
[EventCountry "RUS"]
[Source "lmi"]
[SourceDate "2011.02.08"]

1. e4 e5 2. Nf3 Nc6 3. Bc4 Nf6 4. d3 Be7 5. O-O O-O 6. Re1 d6 7. a4 Na5 8. Ba2
c5 9. Nbd2 Be6 10. Bxe6 fxe6 11. Nf1 Nc6 12. Ng3 Rc8 13. c3 Qd7 14. Bd2 Rfe8
15. h3 Bf8 16. b4 cxb4 17. cxb4 Nd4 18. Nxd4 exd4 19. f4 e5 20. Qb3+ Qf7 21.
Qxf7+ Kxf7 22. Rac1 Ke6 23. Kf2 Kd7 24. Ne2 Rxc1 25. Rxc1 d5 26. fxe5 dxe4 27.
exf6 e3+ 28. Bxe3 dxe3+ 29. Kf3 gxf6 30. Rc4 a6 31. g4 Bh6 32. h4 Re5 33. Ng3
b5 34. axb5 axb5 35. Rc2 Rd5 36. Nf5 Bf8 37. d4 Bxb4 38. Kxe3 Kd8 39. Ke4 Rd7
40. Rb2 Bc3 41. Rxb5 Ke8 42. Rb8+ Kf7 43. Rh8 Ke6 44. h5 Ba5 45. h6 Bb6 46. d5+
Rxd5 47. Re8+ Kd7 48. Re7+ Kc6 49. Rxh7 Re5+ 50. Kf3 Re1 51. Re7 Rf1+ 52. Kg2
Rg1+ 53. Kh2 1-0

[Event "Aeroflot Open 2011 B"]
[Site "Moscu RUS"]
[Date "2011.02.11"]
[Round "4.42"]
[White "Khantuev, Alexander"]
[Black "Sieciechowicz, Marcin"]
[Result "0-1"]
[WhiteElo "2347"]
[BlackElo "2441"]
[PlyCount "134"]
[EventDate "2011.02.08"]
[EventType "swiss"]
[EventRounds "9"]
[EventCountry "RUS"]
[Source "lmi"]
[SourceDate "2011.02.08"]

1. c4 c5 2. Nf3 Nc6 3. e3 e5 4. Nc3 Nf6 5. d3 d5 6. cxd5 Nxd5 7. Be2 Be7 8. a3
O-O 9. Bd2 Be6 10. Nxd5 Qxd5 11. Bc3 b5 12. O-O Rfd8 13. Nd2 b4 14. Bf3 Qxd3
15. axb4 cxb4 16. Bxc6 bxc3 17. Bxa8 cxd2 18. Bf3 Bc4 19. Qb1 Qxf1+ 20. Qxf1
Bxf1 21. Kxf1 Rc8 22. Rd1 Bb4 23. Bd5 Rc5 24. Bb3 Ba5 25. Ke2 Rc1 26. Bd5 Kf8
27. Be4 Ke7 28. Bd3 Ke6 29. Bb1 h6 30. Ba2+ Ke7 31. Bb1 Kd6 32. Ba2 f5 33. Bb3
e4 34. h4 Ke5 35. g3 Kd6 36. h5 Bb4 37. Kf1 Ke5 38. Ke2 Kf6 39. Ba4 Kg5 40. Bd7
Rc2 41. b3 a5 42. Be6 Rc6 43. Bd7 Rc5 44. Be8 Kg4 45. Bg6 Kg5 46. Bf7 Rc7 47.
Bg6 Kf6 48. Be8 Rc2 49. Bb5 Rb2 50. Bc4 Kg5 51. Bf7 Kg4 52. Kf1 Rc2 53. Ke2 Rc3
54. Be6 Rc1 55. Bd7 Rc7 56. Be8 Kg5 57. Bg6 Kf6 58. Bh7 g5 59. Bg8 Ke5 60. Kf1
f4 61. gxf4+ gxf4 62. exf4+ Kxf4 63. Ke2 Rg7 64. Bc4 Rg2 65. Rh1 e3 66. Rh4+
Kg5 67. Re4 Rg1 0-1

[Event "Aeroflot Open 2011 B"]
[Site "Moscu RUS"]
[Date "2011.02.11"]
[Round "4.43"]
[White "Shevelev, Arkady"]
[Black "Batchuluun, Tsegmed"]
[Result "0-1"]
[WhiteElo "2303"]
[BlackElo "2424"]
[PlyCount "136"]
[EventDate "2011.02.08"]
[EventType "swiss"]
[EventRounds "9"]
[EventCountry "RUS"]
[Source "lmi"]
[SourceDate "2011.02.08"]

1. e4 e6 2. d4 d5 3. Nd2 c5 4. exd5 Qxd5 5. Ngf3 cxd4 6. Bc4 Qd6 7. O-O Nf6 8.
Nb3 Nc6 9. Nbxd4 Nxd4 10. Qxd4 Qxd4 11. Nxd4 Bc5 12. Nb3 Be7 13. Be2 Bd7 14.
Bf3 Rc8 15. Bxb7 Rxc2 16. Be3 Rxb2 17. Bxa7 O-O 18. Bd4 Rc2 19. Rfc1 Rxc1+ 20.
Rxc1 Rb8 21. Bf3 Kf8 22. Nc5 Be8 23. h3 Nd5 24. Na6 Rb5 25. g3 Bd6 26. Bc5 Bxc5
27. Nxc5 Ra5 28. Bxd5 exd5 29. Rc2 Bb5 30. Nb3 Ra3 31. f4 Ke7 32. Kf2 h5 33.
Ke3 Bf1 34. h4 Bc4 35. Rb2 Ke6 36. Kf2 Kf5 37. Nd2 Kg4 38. Nxc4 dxc4 39. Rb7
Rxa2+ 40. Ke3 Ra3+ 41. Kd4 Rxg3 42. Rxf7 Kxh4 43. Kxc4 Kh3 44. Kd4 Rg4 45. Ke3
Kg3 46. f5 h4 47. f6 gxf6 48. Rxf6 h3 49. Rf3+ Kg2 50. Rf2+ Kg1 51. Re2 h2 52.
Kf3 h1=Q+ 53. Kxg4 Kf1 54. Re5 Kf2 55. Rf5+ Ke3 56. Re5+ Kd4 57. Rf5 Qg2+ 58.
Kf4 Qd2+ 59. Kf3 Qd3+ 60. Kg4 Ke4 61. Rg5 Qe2+ 62. Kg3 Qe1+ 63. Kg4 Qd1+ 64.
Kg3 Qg1+ 65. Kh4 Qh2+ 66. Kg4 Qh6 67. Rh5 Qf4+ 68. Kh3 Kf3 0-1

[Event "Aeroflot Open 2011 B"]
[Site "Moscu RUS"]
[Date "2011.02.11"]
[Round "4.44"]
[White "Tarasova, Viktoriya"]
[Black "Hamitevici, Vladimir"]
[Result "1-0"]
[WhiteElo "2289"]
[BlackElo "2412"]
[PlyCount "93"]
[EventDate "2011.02.08"]
[EventType "swiss"]
[EventRounds "9"]
[EventCountry "RUS"]
[Source "lmi"]
[SourceDate "2011.02.08"]

1. d4 Nf6 2. c4 e6 3. Nc3 Bb4 4. Nf3 b6 5. Bg5 Bb7 6. Nd2 h6 7. Bh4 Nc6 8. e3
Bxc3 9. bxc3 g5 10. Bg3 d6 11. h4 Rg8 12. hxg5 hxg5 13. Bd3 Qe7 14. Qc2 O-O-O
15. O-O-O Rh8 16. f3 Nd7 17. e4 e5 18. d5 Ncb8 19. Be2 a5 20. Rdg1 Nf6 21. Bf2
Nh5 22. g3 f6 23. f4 Qf7 24. Qd1 Ng7 25. fxg5 fxg5 26. Be3 Nd7 27. Bxg5 Rdg8
28. Rxh8 Rxh8 29. Rh1 Rg8 30. Be3 Kb8 31. g4 Nf8 32. Rf1 Qe7 33. Rf2 Ng6 34.
Qf1 Bc8 35. Rf7 Qh4 36. Qf2 Qh3 37. Kb2 Nh8 38. Rf6 Bxg4 39. Bxg4 Qxg4 40. Bxb6
Ne8 41. Ba7+ Ka8 42. Rf3 Ng6 43. Be3 Qd7 44. Rf7 Qa4 45. Qe2 Kb7 46. c5 dxc5
47. Nb3 1-0